000 00450nam a2200157 i 4500
001 75956
003 ES-MaACL
005 20230906172652.0
007 t|
008 040928q19501959zzz ||||1| spa d
100 1 _aGrisanti, Angel.
_960083
245 1 3 _aEl general Sucre, precursor del periodismo continental /
_cAngel Grisanti.
260 _a[S.l. :
_bs.n.,
_c195?]
300 _a35 p., 4 lám. ;
_c22 cm.
852 _aES-MaACL
_j2101-F-14
_bR.94694
999 _c75956
_d75956